<?xml version="1.0" encoding="UTF-8"?>
<record
    xmlns:xsi="http://www.w3.org/2001/XMLSchema-instance"
    xsi:schemaLocation="http://www.loc.gov/MARC21/slim http://www.loc.gov/standards/marcxml/schema/MARC21slim.xsd"
    xmlns="http://www.loc.gov/MARC21/slim">

  <leader>02159nam a2200301 a 4500</leader>
  <controlfield tag="001">000003565</controlfield>
  <controlfield tag="003">DO-SdBNP</controlfield>
  <controlfield tag="005">20230713104521.0</controlfield>
  <controlfield tag="007">ta</controlfield>
  <controlfield tag="008">090710s2007    dr   000 0 spa d</controlfield>
  <datafield tag="020" ind1=" " ind2=" ">
    <subfield code="a">9789945427165</subfield>
  </datafield>
  <datafield tag="040" ind1=" " ind2=" ">
    <subfield code="a">DO-SdBNP</subfield>
    <subfield code="b">spa</subfield>
    <subfield code="c">BPMSU</subfield>
  </datafield>
  <datafield tag="082" ind1=" " ind2="4">
    <subfield code="a">RD868</subfield>
    <subfield code="b">M385p 2007</subfield>
    <subfield code="2">22</subfield>
  </datafield>
  <datafield tag="100" ind1="1" ind2=" ">
    <subfield code="a">Mart&#xED;nez, Vianco,</subfield>
  </datafield>
  <datafield tag="245" ind1="1" ind2="0">
    <subfield code="a">Palabras ajenas :</subfield>
    <subfield code="b">escritores extranjeros de paso por Santo Domingo /</subfield>
    <subfield code="c">Vianco Mart&#xED;nez ; edici&#xF3;n a cargo de Basilio Belliard </subfield>
  </datafield>
  <datafield tag="260" ind1=" " ind2=" ">
    <subfield code="a">Santo Domingo :</subfield>
    <subfield code="b">Secretar&#xED;a de Estado de Cultura,</subfield>
    <subfield code="c">2007.</subfield>
  </datafield>
  <datafield tag="300" ind1=" " ind2=" ">
    <subfield code="a">237 p. ;</subfield>
    <subfield code="c">23 cm.</subfield>
  </datafield>
  <datafield tag="500" ind1=" " ind2=" ">
    <subfield code="a">Incluye datos biogr&#xE1;ficos del autor en la solapa de la cubierta </subfield>
  </datafield>
  <datafield tag="500" ind1=" " ind2=" ">
    <subfield code="a">Incluye referencias bibliogr&#xE0;ficas y  notas al pie de las p&#xE1;ginas</subfield>
  </datafield>
  <datafield tag="505" ind1="0" ind2=" ">
    <subfield code="a">Presentaci&#xF3;n. Basilio Belliard, 13 --  Una conversaci&#xF3;n con la eternidad. Vianco Mart&#xED;nez, 15 -- El d&#xED;a que Pablo Escobar mando a matar a Laura Restrepo. Laura Restrepo, 17 --  Vengo del pa&#xED;s en donde no hay poetas presos. Zo&#xE9; Vald&#xE9;s, 31 -- La condici&#xF3;n humana es casi perversa. Abel Posse, 57 -- La censura es como si te cortaran las manos. Federico Andahazi, 85 -- En la derrota no hay compa&#xF1;&#xED;a Sergio Ram&#xED;rez, 103 --  La globalizaci&#xF3;n nos har&#xE1; m&#xE1;s analfabetos. Sergio Ram&#xED;rez, 117 --  La verdadera inmortalidad es la de los poetas. Eliseo Alberto, 129 --  El teniente Mario Conde es una met&#xE1;fora de la Cuba contempor&#xE1;nea. Leonardo Padura, 147 --El poder me contamino. Tomas Borges, 159 / Yo no creo en la literatura femenina. Ana Mar&#xED;a Matute, 171 -- Siempre he querido que mis obras tengan un sello de eternidad. Miguel Barnett, 175 --  Ni el periodismo ni la literatura deben tener obligaciones con el Estado. Mayra Montero, 197 -- Los colombiano tienen de Aureliano Buend&#xED;a una rebeld&#xED;a nacida del desamparo y la soledad. William Ospina, 215.</subfield>
  </datafield>
  <datafield tag="590" ind1=" " ind2=" ">
    <subfield code="6">Inventariado, 2023/VM</subfield>
  </datafield>
  <datafield tag="650" ind1=" " ind2="4">
    <subfield code="a">Autores hispanoamericanos</subfield>
    <subfield code="x">Entrevistas</subfield>
  </datafield>
  <datafield tag="650" ind1=" " ind2="4">
    <subfield code="a">Literatura</subfield>
    <subfield code="x">Historia y cr&#xED;tica</subfield>
  </datafield>
  <datafield tag="700" ind1="1" ind2=" ">
    <subfield code="a">Belliard, Basilio,</subfield>
    <subfield code="e">ed.</subfield>
  </datafield>
  <datafield tag="710" ind1="2" ind2=" ">
    <subfield code="a">Secretaria de Estado de Cultura (Rep&#xFA;blica Dominicana)</subfield>
  </datafield>
  <datafield tag="910" ind1=" " ind2=" ">
    <subfield code="a">VMateo V.  Control de calidad (BPMSU)</subfield>
  </datafield>
  <datafield tag="942" ind1=" " ind2=" ">
    <subfield code="2">ddc</subfield>
    <subfield code="c">BK</subfield>
  </datafield>
  <datafield tag="952" ind1=" " ind2=" ">
    <subfield code="0">0</subfield>
    <subfield code="1">0</subfield>
    <subfield code="2">ddc</subfield>
    <subfield code="4">0</subfield>
    <subfield code="7">0</subfield>
    <subfield code="8">CD</subfield>
    <subfield code="a">BPMET</subfield>
    <subfield code="b">BPMET</subfield>
    <subfield code="d">2023-07-13</subfield>
    <subfield code="l">0</subfield>
    <subfield code="o">BPMSU CD RD868 M385p 2007</subfield>
    <subfield code="p">BPMSU23070029</subfield>
    <subfield code="r">2023-07-13</subfield>
    <subfield code="w">2023-07-13</subfield>
    <subfield code="y">BK</subfield>
  </datafield>
  <datafield tag="999" ind1=" " ind2=" ">
    <subfield code="c">14419</subfield>
    <subfield code="d">14419</subfield>
  </datafield>
</record>
